000 00287nam a2200121 a 4500
008 101220s2008|||| d
245 1 0 _aGiraltovce
044 _axo
_cSK
041 _aslo
100 1 _aEštok, Adrián
260 _bExcel enterprise s.r.o.
_c2008
_aGiraltovce
020 _c10
999 _c15343
_d15343